Taiwanese Diaspora - Statistics

General Stats
  • This quiz has been taken 200 times
  • The average score is 17 of 21
Answer Stats
Hint Answer % Correct
365k USA
99%
1m China
98%
61k Japan
98%
66k Canada
96%
21k South Korea
95%
6k United Kingdom
95%
11k France
93%
510k Indonesia
93%
60k Vietnam
92%
56k Australia
91%
7k Germany
90%
45k Malaysia
89%
10k New Zealand
89%
60k Singapore
89%
140k Thailand
89%
22k Philippines
87%
70k Brazil
83%
11k Argentina
68%
10k South Africa
56%
38k Brunei
47%
14k Costa Rica
8%
No matching quizzes found
Score Distribution
Percent of People with Each Score
Percentile by Number Answered
Your Score History
You have not taken this quiz